1969: NFL Teams with the Least Points - Statistics

General Stats
  • This quiz has been taken 9 times
  • The average score is 6 of 10
Answer Stats
Number of points NFL/AFL Team % Correct
210 Chicago Bears
100%
269 Green Bay Packers
88%
276 Atlanta Falcons
63%
233 Miami Dolphins
63%
218 Pittsburgh Steelers
63%
230 Buffalo Bills
50%
259 Detroit Lions
50%
264 New York Giants
50%
266 Boston Patriots
38%
277 San Francisco 49ers
38%
No matching quizzes found
Score Distribution
Percent of People with Each Score
Percentile by Number Answered
Your Score History
You have not taken this quiz